000 00798nac a22002657a 4500
001 BR2011001693
003 BR-BrBNA
005 20240105123900.0
008 230509b bl.|||m| |||| 00| 0 por d
040 _aBR-BrBNA
_bpor
_cBiblioteca Nacional de Agricultura
072 _aL01
090 _a7110 BR2011001693
100 1 _aWolff, L.F.
110 1 _aEMBRAPA Clima Temperado, Pelotas, RS (Brasil)
245 1 _aComo instalar colmeias
260 3 _aPelotas, RS (Brasil):
_bEMBRAPA Informação Tecnológica,
_c2010.
300 _a59 p.
490 _aABC da Agricultura Familiar (Brazil)
_vno. 25
_x
650 _aAPICULTURA
650 _aCOLMEIA
650 _aABELHA
650 _aINSTALAÇÃO PARA ANIMAL
909 _a202312
_bLúcia Elande
_c55
_dLúcia Elande
942 _2AGRIS
_n0
_cMS
999 _c297393
_d297393